• 首页
  • 本馆介绍
  • 公告通知
  • 最新文献
  • 馆藏检索
  • 电子资源
  • 读者导购
  • 参考咨询
  • 我的图书馆
  • 登录
  • 详细信息显示
  • 放入我的书架
  • 预约/预借图书
  • 作者相关作品
  • 分类相关作品
  • 丛书相关作品
  • 出版社相关作品

书目信息

  • 表格格式
  • 工作单格式
  • 卡片格式
题名:
化工原理
    
 
作者: 王志魁 主编
分册:  
出版信息: 北京   化学工业出版社  1987
页数: 404页
开本: 26cm
丛书名:
单 册:
中图分类: TQ02
科图分类: 81.1703
主题词: 化工原理--高等学校--教材
电子资源:
ISBN: 7-5025-0413-3
000 00614nam0 2200229 45
001 0197028845
005 20070716143646.62
010    @a7-5025-0413-3@dCNY6.80
100    @a19970915e19971987em y0chiy0121 ea
101 0  @achi
102    @aCN@b110000
105    @ay z 000yy
200 10 @a化工原理@Ahua gong yuan li@f王志魁主编
210    @a北京@c化学工业出版社@d1987@h1991
215    @a404页@d26cm
300    @a高等学校试用教材
606    @a化工原理@x高等学校@x教材
690    @aTQ02@v3
692    @a81.1703@v2
701  0 @a王志魁@Awang zhi kui@4主编
801  0 @aCN@bTSSF@c20070716
905    @a10447@dTQ02@e151
    
    化工原理/王志魁主编.-北京:化学工业出版社,1987(1991)
    404页;26cm
    高等学校试用教材
    
    ISBN 7-5025-0413-3:CNY6.80
    
●
相关链接 在E读中查询图书 在五车中查询图书 在当当中查询图书 在豆瓣中查询图书


正题名:化工原理     索取号:TQ02/151         预约/预借

序号 登录号 条形码 馆藏地/架位号 状态 备注
1 0646615   206466153   第二样本阅览室/ [索取号:TQ02/151] 在馆    
2 0646616   206466162   密集书库/ [索取号:TQ02/151] 在馆    
3 0646617   206466171   密集书库/ [索取号:TQ02/151] 在馆    
4 0646618   206466180   密集书库/ [索取号:TQ02/151] 在馆    
5 0646619   206466199   密集书库/ [索取号:TQ02/151] 在馆    
6 0646620   206466206   密集书库/ [索取号:TQ02/151] 在馆    
7 0646621   206466215   密集书库/ [索取号:TQ02/151] 在馆    
8 0768476   207684763   密集书库/ [索取号:TQ02/151] 在馆    
唐山师范学院图书馆 欢迎您!
大连网信软件有限公司© 版权所有